[Event "Sparkassen-Open J"]
[Site "Heusenstamm, Martinsee"]
[Date "2023.11.26"]
[Round "7.9"]
[White "Kovacs, Adam"]
[Black "Li, Xiao Teng"]
[Result "1/2-1/2"]
[WhiteElo "1068"]
[BlackElo "1247"]
[PlyCount "63"]
[EventDate "2023.??.??"]
[WhiteTeam "SK Gründau"]
[BlackTeam "SK Bad Homburg 1927"]

1. Nf3 d5 2. c4 c6 3. d4 Bf5 4. Nc3 e6 5. Bf4 Nf6 6. e3 Be7 7. Be2 Qb6 8. Qb3 Qxb3 9. axb3 Bb4 10. Bxb8 Rxb8 11. Rxa7 Ne4 12. O-O Nxc3 13. bxc3 Bxc3 14. Nh4 Bb4 15. Nxf5 exf5 16. c5 b6 17. Ra4 bxc5 18. dxc5 Bxc5 19. Rc1 Be7 20. Rxc6 O-O 21. Rd4 Rfd8 22. Bf3 Rxb3 23. Kf1 Rb5 24. Rc1 Bf6 25. Rd3 g6 26. Rcd1 Kg7 27. Rxd5 Rdxd5 28. Rxd5 Rb1+ 29. Rd1 Rxd1+ 30. Bxd1 Kh6 31. Ke2 Kg7 32. Kf3 1/2-1/2

[Event "Sparkassen-Open J"]
[Site "Heusenstamm, Martinsee"]
[Date "2023.11.26"]
[Round "7.10"]
[White "Vasudevan, Krish"]
[Black "Gao, Chen Fan"]
[Result "0-1"]
[WhiteElo "1055"]
[BlackElo "1208"]
[PlyCount "90"]
[EventDate "2023.??.??"]
[WhiteTeam "SAbt TuS Makkabi Ffm"]
[BlackTeam "SC Rotenburg"]

1. d4 g6 2. Nc3 e6 3. Bf4 d6 4. e3 Nd7 5. Nf3 Ne7 6. Bd3 Bg7 7. Qd2 b6 8. Be4 d5 9. Bd3 Bb7 10. Nb5 e5 11. Nxe5 Nxe5 12. Bxe5 Bxe5 13. dxe5 a6 14. Nd4 c5 15. Nf3 h6 16. O-O g5 17. e6 fxe6 18. Ne5 Rg8 19. f4 gxf4 20. Rxf4 Qc7 21. Bh7 Rg7 22. Ng4 O-O-O 23. Bd3 Rdg8 24. h3 h5 25. Be2 hxg4 26. Bxg4 Nf5 27. Qe2 Qd6 28. Rd1 Nh6 29. g3 Nxg4 30. hxg4 e5 31. Re4 d4 32. exd4 Bxe4 33. Qxe4 exd4 34. Qa8+ Kd7 35. Qb7+ Qc7 36. Qd5+ Qd6 37. Qb7+ Ke8 38. Re1+ Kd8 39. Qa8+ Kc7 40. Qa7+ Kc6 41. Qxa6 Qxg3+ 42. Kf1 Rf8+ 43. Ke2 Re7+ 44. Kd2 Qxe1+ 45. Kd3 Qf1+ 0-1

[Event "Sparkassen-Open J"]
[Site "Heusenstamm, Martinsee"]
[Date "2023.11.26"]
[Round "7.11"]
[White "Nguyen, Minh An"]
[Black "Kostadinov, Emanuel"]
[Result "0-1"]
[WhiteElo "1411"]
[BlackElo "1140"]
[Annotator "Schloessner,Henrik"]
[PlyCount "106"]
[EventDate "2023.??.??"]
[WhiteTeam "SV 1920 Hofheim"]
[BlackTeam "Sfr.1932 Kelkheim"]

1. d4 d5 2. Bf4 Nf6 3. Nf3 Bf5 4. e3 Nh5 5. Bg3 Nxg3 6. hxg3 Nc6 7. c3 h6 8. Nbd2 e6 9. Bb5 Bd6 10. Qa4 Qd7 11. Ne5 Bxe5 12. dxe5 O-O 13. Nf3 a6 14. Bxc6 Qxc6 15. Qxc6 bxc6 16. Nd4 c5 17. Nxf5 exf5 18. Rd1 c6 19. O-O Rab8 20. Rd2 g5 21. Rc1 g4 22. f4 c4 23. Kf2 Rb7 24. Ke2 Rfb8 25. Rb1 a5 26. Kd1 a4 27. a3 Rb3 28. Kc2 Re8 29. Rh1 Kg7 30. Rh5 Kg6 31. Rh1 Rb7 32. Re2 Rbe7 33. Rhe1 c5 34. Rd1 Rd8 35. Red2 Red7 36. Kc1 f6 37. exf6 Kxf6 38. Re2 Re8 39. Kd2 d4 40. exd4 Red8 41. Ke1 cxd4 42. Rxd4 Rxd4 43. cxd4 Rb8 44. Kf2 Rb3 45. Rc2 Ke6 46. Rxc4 Rxb2+ 47. Kg1 Rb3 48. Rxa4 Rxg3 49. Ra8 Rd3 50. Ra6+ Kd5 51. Rxh6 Rxa3 52. Rf6 Ke4 53. d5 Kxf4 {Rest nicht nachvollziehbar. 0-1 (78)} 0-1

[Event "Sparkassen-Open J"]
[Site "Heusenstamm, Martinsee"]
[Date "2023.11.26"]
[Round "7.12"]
[White "Wolf, Helena"]
[Black "Kondhare, Aaryaman"]
[Result "1/2-1/2"]
[WhiteElo "1188"]
[BlackElo "915"]
[PlyCount "95"]
[EventDate "2023.??.??"]
[WhiteTeam "SK Bad Homburg 1927"]
[BlackTeam "Wiesbadener SV 1885"]

1. e4 e5 2. Nf3 Nc6 3. Bc4 Nf6 4. d3 Bc5 5. O-O O-O 6. c3 d6 7. Nbd2 Bd7 8. Re1 Ng4 9. Rf1 h6 10. h3 Nf6 11. Re1 Qe7 12. Nf1 Rfe8 13. Ng3 Qd8 14. Be3 Bxe3 15. Rxe3 Rb8 16. a3 b5 17. Ba2 a6 18. b4 Qe7 19. Bb3 Be6 20. a4 Na7 21. Qc2 Bxb3 22. Qxb3 Qe6 23. Qxe6 Rxe6 24. axb5 Nxb5 25. c4 Nd4 26. Nxd4 exd4 27. Ree1 Rxb4 28. Rxa6 Rb3 29. Rd1 c5 30. Ne2 g5 31. f4 Nd7 32. f5 Rf6 33. Ng3 h5 34. Nxh5 Rh6 35. g4 Ne5 36. Ra8+ Kh7 37. Ra7 Kg8 38. Ra8+ Kh7 39. f6 Rxd3 40. Rxd3 Nxd3 41. Rf8 Kg6 42. Rg8+ Kh7 43. Rd8 Nf4 44. Rxd6 Nxh5 45. gxh5 Rxh5 46. Kg2 Rh4 47. e5 Kg6 48. Rd5 1/2-1/2

[Event "Sparkassen-Open J"]
[Site "Heusenstamm, Martinsee"]
[Date "2023.11.26"]
[Round "7.14"]
[White "Riazi, Dominik"]
[Black "Kesavan, Sarvesh"]
[Result "0-1"]
[WhiteElo "997"]
[BlackElo "1482"]
[PlyCount "146"]
[EventDate "2023.??.??"]
[WhiteTeam "SK Bad Homburg 1927"]
[BlackTeam "SK Bad Homburg 1927"]

1. e4 e5 2. Nf3 Nc6 3. d4 exd4 4. Bc4 Nf6 5. O-O Bc5 6. Ng5 O-O 7. e5 Nxe5 8. Bb3 h6 9. Nf3 Nxf3+ 10. Qxf3 Re8 11. Qg3 Ne4 12. Qf3 Qf6 13. Re1 Qxf3 14. gxf3 Nf6 15. Rxe8+ Nxe8 16. Bf4 d6 17. Nd2 Bf5 18. Re1 Nf6 19. Re7 Bg6 20. Rxc7 Nh5 21. Bg3 Nxg3 22. fxg3 d3+ 23. Kg2 dxc2 24. Bxc2 Bxc2 25. b4 Bxb4 26. Rxc2 Bxd2 27. Rxd2 Rd8 28. f4 Kf8 29. Kf3 Ke7 30. Ke4 Ke6 31. Rb2 d5+ 32. Kd4 Rd7 33. Re2+ Kf5 34. h3 f6 35. Re1 Rc7 36. Kxd5 Rc3 37. Re7 Rxg3 38. Rxb7 Rxh3 39. Rxg7 Ra3 40. Rg2 Kxf4 41. Rg6 Rxa2 42. Rxf6+ Kg5 43. Rf1 h5 44. Rg1+ Kh4 45. Rh1+ Kg4 46. Rg1+ Kh3 47. Ke4 Kh2 48. Rg8 h4 49. Kf3 h3 50. Rh8 Ra3+ 51. Kf2 a5 52. Rh4 a4 53. Rh8 Ra2+ 54. Kf3 Kg1 55. Rd8 Rf2+ 56. Ke3 h2 57. Rg8+ Rg2 58. Rxg2+ Kxg2 59. Kf4 h1=Q 60. Ke5 a3 61. Kd4 a2 62. Kc5 a1=N 63. Kd4 Qh5 64. Ke4 Qg5 65. Kd3 Qf4 66. Kc3 Qe4 67. Kd2 Qf3 68. Kc1 Qe2 69. Kb1 Kf3 70. Kxa1 Ke3 71. Kb1 Kd3 72. Ka1 Kc3 73. Kb1 Qb2# 0-1

[Event "Sparkassen-Open J"]
[Site "Heusenstamm, Martinsee"]
[Date "2023.11.26"]
[Round "7.15"]
[White "Ninnemann, Patrick"]
[Black "Filis, Leon"]
[Result "1-0"]
[WhiteElo "1021"]
[BlackElo "1205"]
[PlyCount "35"]
[EventDate "2023.??.??"]
[WhiteTeam "Chess Tigers Schach-Förderverein"]
[BlackTeam "SV 1920 Hofheim"]

1. e4 d5 2. exd5 Nf6 3. Nf3 Nxd5 4. Nc3 Bg4 5. Be2 Nc6 6. d4 Qd7 7. O-O O-O-O 8. Be3 Nf6 9. Ne5 Nxe5 10. dxe5 Qxd1 11. Raxd1 Bxe2 12. Nxe2 Nd5 13. Bxa7 b6 14. Nc3 e6 15. Nb5 Kb7 16. c4 Nf4 17. Rxd8 c6 18. Rd7+ 1-0

[Event "Sparkassen-Open J"]
[Site "Heusenstamm, Martinsee"]
[Date "2023.11.26"]
[Round "7.16"]
[White "Glavev, Victor"]
[Black "Luan, Elena"]
[Result "1-0"]
[WhiteElo "1139"]
[BlackElo "1026"]
[PlyCount "31"]
[EventDate "2023.??.??"]
[WhiteTeam "SK Bad Homburg 1927"]
[BlackTeam "SV Oberursel"]

1. e4 e5 2. Nf3 Nc6 3. Bc4 Bc5 4. Nc3 d6 5. h3 f5 6. exf5 Bxf5 7. d3 Nf6 8. Nd5 Nxd5 9. Bxd5 Qf6 10. Bd2 O-O-O 11. Bg5 Qg6 12. Bxd8 Rxd8 13. Nh4 Qg5 14. Nxf5 Qxf5 15. Bf3 Nd4 16. Bg4 1-0

[Event "Sparkassen-Open J"]
[Site "Heusenstamm, Martinsee"]
[Date "2023.11.26"]
[Round "7.17"]
[White "Kollmer, Otto"]
[Black "Vasudevan, Ananya"]
[Result "0-1"]
[WhiteElo "981"]
[BlackElo "1126"]
[PlyCount "100"]
[EventDate "2023.??.??"]
[WhiteTeam "VSG 1880 Offenbach"]
[BlackTeam "SK Langen"]

1. e4 g6 2. d4 Bg7 3. Nf3 d6 4. Nc3 Bg4 5. Bf4 Bxf3 6. Qxf3 Bxd4 7. O-O-O Bg7 8. h3 Nc6 9. Qe3 Qd7 10. g4 O-O-O 11. Bb5 a6 12. Ba4 Nf6 13. e5 Ne8 14. Bg3 Kb8 15. f4 f5 16. e6 Qc8 17. Nd5 Nf6 18. Nxf6 Bxf6 19. Bf2 b5 20. Bb3 Qb7 21. Bd5 Kc8 22. g5 Bg7 23. h4 h6 24. Qf3 Qb8 25. Bxc6 Rdf8 26. Be3 b4 27. Qf2 b3 28. c3 bxa2 29. Kc2 Kd8 30. Ba7 Qc8 31. Rhe1 hxg5 32. Bb7 Qxb7 33. Rd4 Bxd4 34. Qxd4 gxh4 35. Qa4 Qc8 36. Qc6 a1=Q 37. Rxa1 Qxe6 38. Ra3 Qe2+ 39. Kb1 Qf1+ 40. Ka2 Qxf4 41. Rb3 e6 42. Rb8+ Ke7 43. Qxc7+ Kf6 44. Bd4+ e5 45. Qxd6+ Kg5 46. Qe7+ Kg4 47. Bxe5 Qa4+ 48. Kb1 Rxb8 49. Bxh8 Qb5 50. Qa3 Rxh8 0-1

[Event "Sparkassen-Open J"]
[Site "Heusenstamm, Martinsee"]
[Date "2023.11.26"]
[Round "7.18"]
[White "Dorfner, Georg"]
[Black "Schmidt, Merle Laureen"]
[Result "1/2-1/2"]
[WhiteElo "1084"]
[BlackElo "936"]
[PlyCount "61"]
[EventDate "2023.??.??"]
[WhiteTeam "TV-Großostheim 1900 e.V."]
[BlackTeam "Sport Union Annen e. V."]

1. e4 c5 2. Nf3 d6 3. d4 cxd4 4. Nxd4 Nf6 5. Nc3 g6 6. Be3 Bg7 7. Qd2 O-O 8. Bh6 Nc6 9. Nxc6 bxc6 10. Bxg7 Kxg7 11. Bc4 Nxe4 12. Nxe4 d5 13. Bxd5 cxd5 14. Nc5 Bf5 15. O-O Rb8 16. Qd4+ Kg8 17. c3 Qd6 18. Nb3 Rb6 19. Rad1 Rd8 20. Qe3 Bc2 21. Rd2 Bxb3 22. axb3 Rxb3 23. Qxa7 Qd7 24. Qxd7 Rxd7 25. c4 e6 26. cxd5 Rxd5 27. Rxd5 exd5 28. Rb1 d4 29. h3 d3 30. Rd1 Rxb2 31. Rxd3 1/2-1/2

[Event "Sparkassen-Open J"]
[Site "Heusenstamm, Martinsee"]
[Date "2023.11.26"]
[Round "7.19"]
[White "Zhang, Mairui"]
[Black "Giegerich, Lenn Valentin"]
[Result "0-1"]
[WhiteElo "898"]
[BlackElo "1064"]
[PlyCount "74"]
[EventDate "2023.??.??"]
[WhiteTeam "Sfr.Mainz 1928"]
[BlackTeam "SC Aschaffenburg e.V."]

1. e4 d5 2. exd5 Qxd5 3. Nc3 Qa5 4. Nf3 c6 5. d4 Nf6 6. Bc4 Bf5 7. Bf4 e6 8. a3 Qb6 9. b4 a5 10. O-O Be7 11. Qd2 O-O 12. Na4 Qd8 13. c3 axb4 14. axb4 b5 15. Nc5 Rxa1 16. Rxa1 bxc4 17. Nb7 Qd5 18. Ra5 Qe4 19. Re5 Qb1+ 20. Re1 Qb3 21. Nc5 Qa3 22. Qc1 Qa7 23. Qb2 Bxc5 24. bxc5 Na6 25. Ra1 Ra8 26. Bd6 Qd7 27. Ne5 Qc8 28. Qb6 Nd5 29. Qxc6 Qxc6 30. Nxc6 e5 31. Bxe5 Bc8 32. h4 Bb7 33. Nb8 Nxb8 34. Rxa8 Bxa8 35. Bxb8 Nxc3 36. Be5 Nd5 37. g4 c3 0-1

[Event "Sparkassen-Open J"]
[Site "Heusenstamm, Martinsee"]
[Date "2023.11.26"]
[Round "7.20"]
[White "Goebel, Johannes"]
[Black "Wolf, Aurelia"]
[Result "1-0"]
[WhiteElo "1026"]
[BlackElo "894"]
[PlyCount "105"]
[EventDate "2023.??.??"]
[WhiteTeam "SK Marburg 1931/72"]
[BlackTeam "SK Bad Homburg 1927"]

1. e4 e5 2. Nc3 Nf6 3. f4 Nc6 4. fxe5 Nxe5 5. d4 Ng6 6. e5 Ng8 7. Nf3 d5 8. Bd3 f6 9. Qe2 fxe5 10. Bxg6+ hxg6 11. Qxe5+ Qe7 12. Bg5 Qxe5+ 13. Nxe5 Rh5 14. Be3 Bf5 15. O-O-O Nf6 16. h3 Bb4 17. Rdf1 Bxc3 18. bxc3 Be4 19. Rhg1 Rc8 20. Nf3 Bxf3 21. Rxf3 Rf5 22. Rgf1 Rg5 23. Bxg5 Ne4 24. Rf8+ Kd7 25. Rxc8 Kxc8 26. Bd2 Ng3 27. Rf8+ Kd7 28. Rf7+ Kc8 29. Rxg7 Ne4 30. Rxg6 Nd6 31. Rg8+ Kd7 32. Rg7+ Kc8 33. Bf4 Nf5 34. Rxc7+ Kd8 35. Rxb7 a6 36. Ra7 Nh4 37. Rxa6 Nxg2 38. Bg5+ Ke8 39. a4 Kf7 40. Kd2 Kg7 41. Ke2 Kf7 42. Kf2 Kg7 43. Kxg2 Kf7 44. Kg3 Kg7 45. Rf6 Kh7 46. Kh4 Kg7 47. Kh5 Kh7 48. Rg6 Kh8 49. Kg4 Kh7 50. Kf5 Kh8 51. Kf6 Kh7 52. Kf7 Kh8 53. Rh6# 1-0

[Event "Sparkassen-Open J"]
[Site "Heusenstamm, Martinsee"]
[Date "2023.11.26"]
[Round "7.21"]
[White "Faisz, David"]
[Black "Nguyen, Minh Anh"]
[Result "1-0"]
[WhiteElo "1161"]
[BlackElo "919"]
[PlyCount "119"]
[EventDate "2023.??.??"]
[WhiteTeam "SK 1926 Ettlingen"]
[BlackTeam "SV 1920 Hofheim"]

1. e4 e5 2. d4 exd4 3. c3 dxc3 4. Bc4 cxb2 5. Bxb2 Nf6 6. e5 Bb4+ 7. Nc3 Ne4 8. Nge2 O-O 9. O-O Nxc3 10. Nxc3 Nc6 11. Nd5 Be7 12. Qg4 d6 13. Qg3 Bh4 14. Qc3 Re8 15. Qf3 dxe5 16. Rad1 e4 17. Qa3 Bd7 18. Qc3 Bf6 19. Nxf6+ Qxf6 20. Qxf6 gxf6 21. Rxd7 Re7 22. Rxe7 Nxe7 23. Bxf6 Nc6 24. Bd5 Re8 25. Re1 Kf8 26. f3 exf3 27. Bg7+ Kxg7 28. Rxe8 fxg2 29. Bxc6 bxc6 30. Kxg2 c5 31. Rc8 c4 32. Rxc7 c3 33. Rxc3 a5 34. Ra3 a4 35. Rxa4 Kg6 36. Rb4 h5 37. a4 f5 38. a5 f4 39. a6 f3+ 40. Kxf3 h4 41. a7 h3 42. a8=R Kf6 43. Rb6+ Ke5 44. Ra5+ Kd4 45. Rh5 Kc4 46. Rxh3 Kc5 47. Rg3 Kxb6 48. h4 Kc5 49. h5 Kd4 50. h6 Ke5 51. h7 Kd4 52. h8=Q+ Kd3 53. Qd8+ Kc4 54. Kf4 Kc5 55. Rc3+ Kb4 56. Qd4+ Kb5 57. Rc5+ Kb6 58. Qd6+ Kb7 59. Rc7+ Kb8 60. Qd8# 1-0

[Event "Sparkassen-Open J"]
[Site "Heusenstamm, Martinsee"]
[Date "2023.11.26"]
[Round "7.22"]
[White "Kollmer, Karla"]
[Black "Chen, Lilly"]
[Result "0-1"]
[WhiteElo "850"]
[BlackElo "1370"]
[PlyCount "104"]
[EventDate "2023.??.??"]
[WhiteTeam "VSG 1880 Offenbach"]
[BlackTeam "Sfr Stiller Zug Wiesbaden"]

1. e4 d6 2. d4 g6 3. Nf3 Bg7 4. c3 a6 5. Bg5 Nd7 6. Nbd2 Ngf6 7. Nc4 b5 8. Ncd2 O-O 9. e5 Nd5 10. c4 bxc4 11. Nxc4 Nb4 12. exd6 cxd6 13. Nxd6 f6 14. Bd2 exd6 15. Bxb4 Nb6 16. g3 Bb7 17. Bg2 Qe7+ 18. Qe2 Qxe2+ 19. Kxe2 f5 20. Bxd6 Rfe8+ 21. Kd2 Bxd4 22. Rab1 Be4 23. Rbe1 Nc4+ 24. Kd1 Nxd6 25. Nxd4 Bxg2 26. Rhg1 Rxe1+ 27. Rxe1 Ne4 28. f3 Rd8 29. Kc2 Rxd4 30. fxe4 Bxe4+ 31. Kc3 Rd3+ 32. Kb4 Rd2 33. Kc3 Rxh2 34. g4 Rc2+ 35. Kb3 h5 36. gxf5 gxf5 37. Rxe4 fxe4 38. Kxc2 h4 39. a3 h3 40. Kb3 h2 41. Ka2 h1=Q 42. Kb3 e3 43. a4 e2 44. a5 e1=Q 45. Ka4 Qa1+ 46. Kb4 Qe4+ 47. Kc5 Qxa5+ 48. Kd6 Qad5+ 49. Kc7 Qec4+ 50. Kb6 Qdb5+ 51. Ka7 Qc7+ 52. Ka8 Qcb7# 0-1

[Event "Sparkassen-Open J"]
[Site "Heusenstamm, Martinsee"]
[Date "2023.11.26"]
[Round "7.23"]
[White "Vranckx, Gabriel"]
[Black "Xu, Dorothea Sicheng"]
[Result "0-1"]
[WhiteElo "910"]
[BlackElo "1051"]
[PlyCount "54"]
[EventDate "2023.??.??"]
[WhiteTeam "Sfr.Mainz 1928"]
[BlackTeam "SK Bad Homburg 1927"]

1. e4 e5 2. Nf3 Nc6 3. d4 exd4 4. Nxd4 Qf6 5. Nxc6 Qxc6 6. Nc3 Bc5 7. Bf4 Ne7 8. Bb5 Qf6 9. Qd2 c6 10. e5 Qg6 11. Bd3 Qxg2 12. Be4 Qh3 13. O-O-O O-O 14. Qd3 Qxd3 15. Rxd3 Bxf2 16. Rf1 Bc5 17. Rg3 Re8 18. Bh6 g6 19. Ne2 d5 20. Bd3 Be6 21. Nf4 Bf5 22. Bxf5 Nxf5 23. Nh5 Nxg3 24. hxg3 gxh5 25. Rf5 Re6 26. Rg5+ Rg6 27. e6 Be3+ 0-1

[Event "Sparkassen-Open J"]
[Site "Heusenstamm, Martinsee"]
[Date "2023.11.26"]
[Round "7.24"]
[White "Schwab, Florentin"]
[Black "Biallas, Flynn"]
[Result "1-0"]
[WhiteElo "1024"]
[BlackElo "988"]
[PlyCount "95"]
[EventDate "2023.??.??"]
[WhiteTeam "SC Aschaffenburg e.V."]
[BlackTeam "SK Marburg 1931/72"]

1. e4 e5 2. Nf3 Nc6 3. Bb5 a6 4. Ba4 Nf6 5. d3 Bc5 6. O-O d6 7. c3 Bg4 8. Nbd2 b5 9. Bb3 O-O 10. Re1 a5 11. Nf1 a4 12. Bc2 h6 13. a3 Qd7 14. Ng3 Bb6 15. Be3 Ra6 16. Bxb6 Rxb6 17. Re3 g6 18. Qd2 d5 19. Qe1 d4 20. cxd4 Bxf3 21. Rxf3 Nxd4 22. Rxf6 Rxf6 23. Qd2 Kg7 24. Bd1 Nb3 25. Bxb3 axb3 26. Qc3 Qd4 27. Qd2 c5 28. h3 Ra8 29. Rf1 c4 30. Ne2 Qxd3 31. Qxd3 cxd3 32. Ng3 Rd8 33. Rd1 d2 34. Ne2 Rc6 35. Nc3 Rc4 36. Kf1 b4 37. axb4 Rxb4 38. Ke2 f5 39. f3 Rbd4 40. exf5 gxf5 41. Nb1 Kg6 42. Rxd2 Rxd2+ 43. Nxd2 Rc8 44. Nxb3 Rc2+ 45. Nd2 Rxb2 46. g4 f4 47. h4 h5 48. Kd3 1-0

[Event "Sparkassen-Open J"]
[Site "Heusenstamm, Martinsee"]
[Date "2023.11.26"]
[Round "7.26"]
[White "Staudt, Merle"]
[Black "Li, Leo Jiayi"]
[Result "0-1"]
[WhiteElo "965"]
[BlackElo "1227"]
[PlyCount "78"]
[EventDate "2023.??.??"]
[WhiteTeam "SV Mülheim-Nord 1931 e"]
[BlackTeam "SV Oberursel"]

1. e4 c5 2. Nf3 d6 3. d4 cxd4 4. Nxd4 Nf6 5. Nc3 g6 6. Bg5 Bg7 7. Be2 a6 8. Qd2 h5 9. h3 Bd7 10. O-O Nc6 11. Rad1 Qb6 12. Na4 Qc7 13. Rfe1 Nxe4 14. Qe3 Nxg5 15. Qxg5 O-O 16. Nxc6 Bxc6 17. Nc3 Bf6 18. Qg3 Rfe8 19. Bxh5 Rad8 20. Be2 Be5 21. Qg4 Qd7 22. Qxd7 Rxd7 23. Rf1 d5 24. f4 Bc7 25. f5 gxf5 26. Rxf5 d4 27. Rg5+ Kf8 28. Nb1 Bb6 29. h4 d3+ 30. Kh1 dxe2 31. Re1 Rd1 32. Rxd1 exd1=Q+ 33. Kh2 Qxb1 34. h5 Qc1 35. Rg4 Qh6 36. Rh4 e5 37. g4 Qg5 38. Rh3 Qxg4 39. h6 Qg2# 0-1

[Event "Sparkassen-Open J"]
[Site "Heusenstamm, Martinsee"]
[Date "2023.11.26"]
[Round "7.27"]
[White "Schwab, Berenike"]
[Black "Lao, Theodora Siyuan"]
[Result "0-1"]
[WhiteElo "859"]
[BlackElo "1153"]
[PlyCount "82"]
[EventDate "2023.??.??"]
[WhiteTeam "SC Aschaffenburg e.V."]
[BlackTeam "SK Bad Homburg 1927"]

1. e4 e5 2. Nf3 Nc6 3. Bc4 Nf6 4. Ng5 d5 5. exd5 Na5 6. Bb5+ c6 7. Qe2 cxb5 8. Qxb5+ Bd7 9. Qe2 Qe7 10. Nc3 g6 11. d3 Bg7 12. O-O O-O 13. a3 a6 14. b4 Rac8 15. Nce4 Nxe4 16. dxe4 Bf6 17. Nf3 Bg4 18. Ra2 Nc4 19. Rd1 Rfd8 20. Qd3 Bg7 21. Re1 Bxf3 22. Qxf3 Nb6 23. Be3 Nc4 24. Qg3 Nxe3 25. Rxe3 Rc7 26. Rf3 Rdc8 27. h3 Rxc2 28. Ra1 Rc1+ 29. Rxc1 Rxc1+ 30. Kh2 Re1 31. Qg4 b6 32. Qc8+ Qf8 33. Qxa6 Qd8 34. Rc3 Qd6 35. Rc8+ Bf8 36. Ra8 Rxe4 37. Qc8 Rd4 38. f3 e4+ 39. g3 Rd2+ 40. Kg1 Qxg3+ 41. Kf1 Qf2# 0-1

[Event "Sparkassen-Open J"]
[Site "Heusenstamm, Martinsee"]
[Date "2023.11.26"]
[Round "7.28"]
[White "Pagnozzi, Luca"]
[Black "Kanagaraj, Aarav"]
[Result "0-1"]
[WhiteElo "901"]
[BlackElo "966"]
[PlyCount "52"]
[EventDate "2023.??.??"]
[WhiteTeam "SV 1920 Hofheim"]
[BlackTeam "TSV Schott Mainz"]

1. e4 d6 2. d4 Nf6 3. Nc3 g6 4. Nf3 Bg7 5. Bc4 O-O 6. Bf4 Nbd7 7. O-O e5 8. dxe5 dxe5 9. Nxe5 Nxe4 10. Nxe4 Nxe5 11. Bb3 Be6 12. Qxd8 Raxd8 13. Rab1 Rd4 14. f3 f5 15. Bxe6+ Kh8 16. Nc3 Rxf4 17. Nb5 Nc4 18. g3 Rxf3 19. Rxf3 Nd2 20. Rff1 Nxb1 21. Rxb1 c6 22. Nxa7 Bd4+ 23. Kg2 Bxa7 24. Rd1 Re8 25. Bc4 b5 26. Bd3 Re7 0-1

[Event "Sparkassen-Open J"]
[Site "Heusenstamm, Martinsee"]
[Date "2023.11.26"]
[Round "7.29"]
[White "Gadela, Kundana"]
[Black "Paul, Jenna"]
[Result "0-1"]
[WhiteElo "799"]
[BlackElo "930"]
[PlyCount "82"]
[EventDate "2023.??.??"]
[WhiteTeam "SV 1920 Hofheim"]
[BlackTeam "TV-Großostheim 1900 e.V."]

1. e4 e5 2. Nf3 Nc6 3. Bc4 Bc5 4. b3 Nf6 5. Ng5 O-O 6. Nc3 h6 7. Nf3 d6 8. d3 Bg4 9. h3 Be6 10. O-O a6 11. Be3 Nd7 12. d4 exd4 13. Nxd4 Nxd4 14. Bxd4 b5 15. Bxe6 fxe6 16. b4 Bxb4 17. Qg4 e5 18. Qe6+ Rf7 19. Nd5 c5 20. Nxb4 exd4 21. Nc6 Qe8 22. Qxe8+ Rxe8 23. Rac1 Rxe4 24. f3 Re8 25. c3 Rc8 26. Na7 Rc7 27. Nxb5 axb5 28. cxd4 c4 29. d5 Re7 30. Rb1 Rb7 31. a3 Nf6 32. Rfd1 Re3 33. Kf2 Rxa3 34. Re1 c3 35. f4 c2 36. Ra1 Rxa1 37. Rxa1 Rc7 38. Ra8+ Kh7 39. g4 c1=Q 40. g5 Qd2+ 41. Kf3 Rc3# 0-1

[Event "Sparkassen-Open J"]
[Site "Heusenstamm, Martinsee"]
[Date "2023.11.26"]
[Round "7.30"]
[White "Zargaran, Paya"]
[Black "Schmidt, Hannes Jakob"]
[Result "0-1"]
[WhiteElo "793"]
[BlackElo "900"]
[PlyCount "64"]
[EventDate "2023.??.??"]
[WhiteTeam "VSG 1880 Offenbach"]
[BlackTeam "Sport Union Annen e. V."]

1. e4 c5 2. Nf3 d6 3. Nc3 Nc6 4. Bc4 Nf6 5. Ng5 Ne5 6. f4 Nxc4 7. d3 Bg4 8. Qxg4 Nxg4 9. dxc4 g6 10. f5 gxf5 11. exf5 Qd7 12. h3 Ne5 13. O-O Nxc4 14. b3 Bg7 15. Bb2 Nxb2 16. Ne2 c4 17. bxc4 Nxc4 18. Rf4 Ne3 19. c4 Bxa1 20. f6 exf6 21. Rxf6 Bxf6 22. Ne4 Qe6 23. Nd2 Nxc4 24. Nf4 Qe1+ 25. Nf1 Bd4+ 26. Kh2 Qxf1 27. Kg3 Rg8+ 28. Kh2 Qxf4+ 29. Kh1 Qf1+ 30. Kh2 Be5+ 31. g3 Ne3 32. h4 Bxg3# 0-1